Central Library OPAC University of Rajshahi

Art in American life and education. (Record no. 68767)

MARC details
000 -LEADER
fixed length control field 01022nam a2200277 a 4500
001 - CONTROL NUMBER
control field 68767
003 - CONTROL NUMBER IDENTIFIER
rucl marc code BD-RjUL
005 - DATE AND TIME OF LATEST TRANSACTION
control field 20211209081816.0
008 - FIXED-LENGTH DATA ELEMENTS--GENERAL INFORMATION
fixed length control field 170405s1952 xxu b 000 0 eng d
035 ## - SYSTEM CONTROL NUMBER
System control number (BD-RjUL)68978
040 ## - CATALOGING SOURCE
Original cataloging agency Northeastern Univ Lib
Transcribing agency NED
Modifying agency BD-RjUL
Language of cataloging eng
041 ## - LANGUAGE CODE
Language code of text/sound track or separate title eng
082 ## - DEWEY DECIMAL CLASSIFICATION NUMBER
Edition number 23
Classification number 707.1073
Author mark and year NAA 1952
110 ## - MAIN ENTRY--CORPORATE NAME
Corporate name or jurisdiction name as entry element National Society for the Study of Education.
9 (RLIN) 209462
245 00 - TITLE STATEMENT
Title Art in American life and education.
260 ## - PUBLICATION, DISTRIBUTION, ETC. (IMPRINT)
Place of publication, distribution, etc. Bloomington, Ill. :
Name of publisher, distributor, etc. Public School Publishing Company,
Date of publication, distribution, etc. 1941.
300 ## - PHYSICAL DESCRIPTION
Pagination xx, 819 p. ;
Size 23 cm.
490 1# - SERIES STATEMENT
Series statement Yearbook of the National Society for the Study of Education,
Volume/sequential designation 40th
504 ## - BIBLIOGRAPHY, ETC. NOTE
Bibliography, etc Includes Bibliographies.
650 #0 - SUBJECT ADDED ENTRY--TOPICAL TERM
Topical term or geographic name as entry element Art
General subdivision Study and teaching.
9 (RLIN) 144211
651 ## - SUBJECT ADDED ENTRY--GEOGRAPHIC NAME
Geographic name United States
9 (RLIN) 209403
700 1# - ADDED ENTRY--PERSONAL NAME
Personal name Whipple, Guy Montrose,
Dates associated with a name 1876-1941.
Fuller form of name [ed]
710 2# - ADDED ENTRY--CORPORATE NAME
Corporate name or jurisdiction name as entry element Committee on Art in American Life and Education.
9 (RLIN) 203792
830 #0 - SERIES ADDED ENTRY--UNIFORM TITLE
Uniform title Yearbook of the National Society for the Study of Education,
Volume number/sequential designation 40th
942 ## - ADDED ENTRY ELEMENTS (KOHA)
Source of classification or shelving scheme Dewey Decimal Classification
Koha item type Books
Holdings
Lost status Source of classification or shelving scheme Damaged status Not for loan Collection code Permanent Location Current Location Shelving location Date acquired Source of acquisition Cost, normal purchase price Total Checkouts Full call number Date last seen Copy number Koha item type
  Dewey Decimal Classification   Not For Loan Non-fiction Central Library, University of Rajshahi Central Library, University of Rajshahi Reading Room 15/10/1957 Pak. A. Commercial 13.70   707.1073 NAA 1952 05/04/2017 C-1 Books